000 01245nam0a2200325 4500
001 RU\NLR\bibl\453669
005 20250623182240.0
010 _a5-9557-0027-7
_93000
021 _aRU
_b2003-74782
_93698
035 _a(NLR Aleph) 000447281
090 _a851469
_c851469
100 _a20031031d2003 |||y0rusy50 ca
101 0 _arus
102 _aRU
105 _ay |||||||||
200 1 _aНалогоплательщик и контролирующие органы
_e[Практ. рекомендации
_fХаймович М.И.]
210 _aМ.
_cРИОР
_d2003
215 _a46,[1] с.
_d20
606 0 _aНалоговый контроль
_jПрактические пособия
_yРоссийская Федерация
_92145528
_3RU\NLR\auth\661292657
606 0 _aКонтролирующие органы
_jПрактические пособия
_yРоссийская Федерация
_92168452
_3RU\NLR\auth\661304558
686 _aХ629.0я7
686 _aХ622.02я7
686 _aХ622.27я7
686 _aУ26(2)141.3-218я7
702 1 _aХаймович
_bМ. И.
_gМихаил Ильич
_4220
801 0 _aRU
_bNLR
_c20031031
_gPSBO
801 1 _aRU
_bNLR
_c20031031
942 _cBOOK
980 _aNB